000 01673nam0a2200349 4500
001 RU\NLR\BIBL_A\022710983
005 20260417121038.0
010 _a978-5-907886-23-0
_9300
021 _aRU
_bКН-П-25-075239
_9КН-П-25-7302
035 _a(NLR Aleph) 022710983
090 _a13647159
_c13647159
100 _a20260128d2026 m y0rusy50 ca
101 0 _arus
102 _aRU
105 _aa j 000yy
181 0 _ai3
_baxxe
182 0 _an
200 1 _aПринципы ведения беременных с резус-изоиммунизацией и гемолитической болезнью плода
_eметодическое пособие
_fФ. А. Овсянников, Н. Р. Рябоконь, Д. М. Чащина
203 _aТекст
_bвизуальный
_cнепосредственный
210 _aСанкт-Петербург
_cЭко-Вектор
_d2026 (печ. 2025)
215 _a38 с.
_cил.
_d21
320 _aБиблиогр.: с. 35-38 (47 назв.)
606 1 _aРезус-фактор крови беременных
_jМетодические пособия
_xСенсибилизация
_92435060
_3RU\NLR\AUTH\6601667152
606 1 _aГемолитическая болезнь плода
_jМетодические пособия
_91006913
_3RU\NLR\AUTH\66382783
686 1 _aР716.212.271я8
700 1 _aОвсянников
_bФ. А.
_gФилипп Андреевич
701 1 _aРябоконь
_bН. Р.
_gНикита Романович
701 1 _aЧащина
_bД. М.
_gДарья Максимовна
942 _cBOOK
980 _aNB